000 00695nmm a22002537a 4500
005 20220629085512.0
008 190117b xxu||||| |||| 00| 0 spa d
041 _aspa
082 _aGT 58
100 _aFernández Quesada, Axel
_957487
100 _aQuirós Pérez, Mariclaudia
_964015
100 _aSalazar Gabriel, Manfred
_957489
100 _aSieza Orozco, Gabriela
_957490
245 _aMacrosistema del Cantón de Sarapiquí
260 _c2019
300 _a50 páginas
502 _a
650 _aCOSTA RICA
_964017
650 _aTURISMO
_9894
650 _aGEOGRAFÍA TURÍSTICA
_96732
650 _aCANTÓN DE SARAPIQUÍ
_957492
650 _aHEREDIA
_94426
942 _cGT
999 _c12582
_d12582